[Event "NB II. Breyer csoport"]
[Site "Budapest"]
[Date "2024.03.10"]
[Round "6.12"]
[White "Shen, Yiyun"]
[Black "Kecskemeti, Attila"]
[Result "0-1"]
[WhiteElo "1697"]
[BlackElo "1682"]
[PlyCount "106"]
[EventDate "2023.10.08"]
[EventType "team-tourn"]
[EventRounds "9"]
[EventCountry "HUN"]
[Source "chess.hu"]
[WhiteTeam "MTK Budapest II."]
[BlackTeam "Fehervar SE"]
[WhiteTeamCountry "HUN"]
[BlackTeamCountry "HUN"]

1. d4 d5 2. c4 e6 3. Nc3 a6 4. e4 dxe4 5. Nxe4 Nf6 6. Nc3 Be7 7. Nf3 b6 8. Be2
Bb7 9. h3 Nbd7 10. O-O O-O 11. Be3 Ne4 12. Qc2 Nxc3 13. bxc3 c5 14. Rab1 Qc7
15. Rfd1 Nf6 16. Qb3 Be4 17. Qxb6 Qxb6 18. Rxb6 Rfb8 19. dxc5 Rc8 20. Nd2 Bc6
21. Nb3 Be8 22. Bf3 Ra7 23. Bb7 Rb8 24. Bxa6 Rxb6 25. cxb6 Rxa6 26. b7 Rd6 27.
b8=Q Rxd1+ 28. Kh2 Bd6+ 29. Qxd6 Rxd6 30. a3 Ra6 31. Bc5 Ne4 32. Bb4 Nxc3 33.
Nc5 Rc6 34. Nxe6 fxe6 35. Bxc3 Rxc4 36. Bb4 Kf7 37. Bd6 Kf6 38. g3 Bc6 39. g4
Rc3 40. Bb4 Rf3 41. Bc5 Ke5 42. Ba7 Rxa3 43. Bc5 Rf3 44. Ba7 Ke4 45. Bb6 Kd3
46. g5 Ke2 47. h4 Rxf2+ 48. Kg3 Rf3+ 49. Kg4 g6 50. h5 e5 51. hxg6 hxg6 52. Bf2
Bd7+ 53. Kh4 Rh3# 0-1

[Event "NB II. Breyer csoport"]
[Site "Szekesfehervar"]
[Date "2024.04.07"]
[Round "7.1"]
[White "Dupsky, Laszlo"]
[Black "Kiss, Viktor"]
[Result "1-0"]
[WhiteElo "2182"]
[BlackElo "2178"]
[PlyCount "79"]
[EventDate "2023.10.08"]
[EventType "team-tourn"]
[EventRounds "9"]
[EventCountry "HUN"]
[Source "chess.hu"]
[WhiteTeam "Torokbalinti Sakk SE"]
[BlackTeam "Fehervar SE"]
[WhiteTeamCountry "HUN"]
[BlackTeamCountry "HUN"]

1. d4 c5 2. c3 g6 3. e4 Bg7 4. Nf3 cxd4 5. cxd4 d5 6. e5 Nc6 7. Nc3 f6 8. Bb5
a6 9. Qa4 axb5 10. Qxa8 fxe5 11. Nxd5 exd4 12. Bf4 Qa5+ 13. Qxa5 Nxa5 14. Nc7+
Kd7 15. Nxb5 Nc6 16. O-O e5 17. Bg3 Nh6 18. Rfe1 Nf7 19. Rac1 b6 20. Na3 Ba6
21. Nc4 Bxc4 22. Rxc4 Re8 23. Nd2 Nd6 24. Ra4 Rc8 25. f4 Bh6 26. Ne4 Bxf4 27.
Bxf4 exf4 28. Nf6+ Kc7 29. Nd5+ Kb7 30. Nxf4 b5 31. Ra3 Nb4 32. Rh3 Rc2 33. a3
Nc6 34. Re2 Rc1+ 35. Kf2 Nf5 36. Rxh7+ Kb6 37. Rh3 Ne3 38. Rhxe3 dxe3+ 39. Kxe3
g5 40. Ne6 1-0

[Event "NB II. Breyer csoport"]
[Site "Szekesfehervar"]
[Date "2024.04.07"]
[Round "7.2"]
[White "Albrecht, Gabor"]
[Black "Mullner, Imre"]
[Result "1/2-1/2"]
[WhiteElo "2120"]
[BlackElo "2053"]
[PlyCount "103"]
[EventDate "2023.10.08"]
[EventType "team-tourn"]
[EventRounds "9"]
[EventCountry "HUN"]
[Source "chess.hu"]
[WhiteTeam "Fehervar SE"]
[BlackTeam "Torokbalinti Sakk SE"]
[WhiteTeamCountry "HUN"]
[BlackTeamCountry "HUN"]

1. e4 c5 2. Nf3 Nc6 3. d4 cxd4 4. Nxd4 Nf6 5. Nc3 e6 6. Be2 Bb4 7. Nxc6 bxc6 8.
O-O Bxc3 9. bxc3 Nxe4 10. Qd4 d5 11. Qxg7 Qf6 12. Qxf6 Nxf6 13. Bf4 Rg8 14. Bd3
h5 15. Rab1 Nd7 16. Bd6 f6 17. f4 Kf7 18. f5 e5 19. c4 Nb6 20. cxd5 Nxd5 21.
Bc5 Rg5 22. h4 Rg4 23. Be2 Rxh4 24. g3 Ra4 25. Rb2 h4 26. c4 Ne7 27. Bh5+ Kf8
28. Rd2 Ba6 29. Rd7 Rxc4 30. Bxe7+ Kg7 31. Bd8+ Kh6 32. Bg6 Kg5 33. gxh4+ Rxh4
34. Rf2 Rg4+ 35. Rg2 Rxg2+ 36. Kxg2 Bc8 37. Rd6 Bxf5 38. Bxf5 Kxf5 39. Bxf6
Rg8+ 40. Kf3 Rg6 41. Be7 Rxd6 42. Bxd6 a6 43. Bc7 c5 44. Ke3 c4 45. a4 Ke6 46.
Ke4 c3 47. Bxe5 c2 48. Bf4 Kd7 49. Kd5 Kc8 50. Kc6 c1=Q+ 51. Bxc1 Kb8 52. Kb6
1/2-1/2

[Event "NB II. Breyer csoport"]
[Site "Szekesfehervar"]
[Date "2024.04.07"]
[Round "7.3"]
[White "Sinka, Csaba"]
[Black "Papagorasz, Takisz"]
[Result "1/2-1/2"]
[WhiteElo "1988"]
[BlackElo "2138"]
[PlyCount "117"]
[EventDate "2023.10.08"]
[EventType "team-tourn"]
[EventRounds "9"]
[EventCountry "HUN"]
[Source "chess.hu"]
[WhiteTeam "Torokbalinti Sakk SE"]
[BlackTeam "Fehervar SE"]
[WhiteTeamCountry "HUN"]
[BlackTeamCountry "HUN"]

1. e4 e5 2. Nf3 Nc6 3. d4 exd4 4. Nxd4 Nf6 5. Nc3 Bb4 6. Nxc6 bxc6 7. Bd3 d5 8.
exd5 O-O 9. O-O cxd5 10. Bg5 c6 11. Qf3 Bd6 12. Rab1 Bd7 13. Rfe1 h6 14. Bh4 g5
15. Bg3 Bg4 16. Qe3 Re8 17. Qd4 Rxe1+ 18. Rxe1 c5 19. Qa4 Bxg3 20. hxg3 Be6 21.
b3 Qb6 22. Qb5 Rc8 23. Na4 Qxb5 24. Bxb5 Rb8 25. c4 dxc4 26. bxc4 Bd7 27. Nxc5
Bxb5 28. Rb1 Rc8 29. Rxb5 Rd8 30. f3 Rd1+ 31. Kh2 Rc1 32. Rb4 Rc2 33. Ra4 g4
34. fxg4 Nxg4+ 35. Kh3 Ne3 36. Rxa7 Rxc4 37. Nd3 Rd4 38. Nf4 Rd1 39. g4 Rd4 40.
Kg3 f5 41. gxf5 Nxf5+ 42. Kg4 Ne3+ 43. Kf3 Nc4 44. g3 Ne5+ 45. Kg2 Nc6 46. Ra6
Nb4 47. Rxh6 Nxa2 48. Ra6 Nc3 49. Ra7 Nd5 50. Nxd5 Rxd5 51. Kh3 Rd4 52. g4 Rd5
53. Kh4 Rb5 54. g5 Rb6 55. Kh5 Rc6 56. g6 Rc1 57. Ra8+ Kg7 58. Ra7+ Kg8 59.
Ra8+ 1/2-1/2

[Event "NB II. Breyer csoport"]
[Site "Szekesfehervar"]
[Date "2024.04.07"]
[Round "7.4"]
[White "Csire, Bence"]
[Black "Szilagyi, Samuel Attila"]
[Result "1-0"]
[WhiteElo "2093"]
[BlackElo "1939"]
[PlyCount "99"]
[EventDate "2023.10.08"]
[EventType "team-tourn"]
[EventRounds "9"]
[EventCountry "HUN"]
[Source "chess.hu"]
[WhiteTeam "Fehervar SE"]
[BlackTeam "Torokbalinti Sakk SE"]
[WhiteTeamCountry "HUN"]
[BlackTeamCountry "HUN"]

1. e4 e5 2. Nf3 Nc6 3. Bb5 a6 4. Ba4 Nf6 5. O-O Be7 6. Re1 b5 7. Bb3 O-O 8. c3
d5 9. exd5 Nxd5 10. Nxe5 Nxe5 11. Rxe5 c6 12. d4 Bd6 13. Re1 Qh4 14. g3 Qh3 15.
Be3 Bg4 16. Qd3 f5 17. f4 Kh8 18. Bxd5 cxd5 19. Qf1 Qh5 20. Nd2 Bh3 21. Qf3 Qf7
22. Qf2 h6 23. Nf3 Kh7 24. Ne5 Qe6 25. Bd2 Rae8 26. a4 Qc8 27. axb5 axb5 28.
Ra7 Bb8 29. Ra5 Bxe5 30. dxe5 Qc6 31. Be3 Ra8 32. Bc5 Rfe8 33. Rxa8 Qxa8 34.
Qe2 Qc6 35. b4 Bg4 36. Qd3 Bh3 37. Qd4 Bg4 38. Qe3 Bh3 39. Qd4 Bg4 40. h4 Bh3
41. Kh2 Bg4 42. Ra1 Ra8 43. Ra5 Re8 44. Qd3 Rb8 45. Qe3 Re8 46. Ra7 Bh5 47. Qd3
Bg4 48. Qd4 Bf3 49. e6 Rg8 50. Bf8 1-0

[Event "NB II. Breyer csoport"]
[Site "Szekesfehervar"]
[Date "2024.04.07"]
[Round "7.5"]
[White "Kazinczy, Jeno"]
[Black "Fellegi, Zoltan"]
[Result "1-0"]
[WhiteElo "1890"]
[BlackElo "1997"]
[PlyCount "99"]
[EventDate "2023.10.08"]
[EventType "team-tourn"]
[EventRounds "9"]
[EventCountry "HUN"]
[Source "chess.hu"]
[WhiteTeam "Torokbalinti Sakk SE"]
[BlackTeam "Fehervar SE"]
[WhiteTeamCountry "HUN"]
[BlackTeamCountry "HUN"]

1. e4 c5 2. d4 cxd4 3. c3 Nf6 4. e5 Nd5 5. cxd4 Nc6 6. Nf3 d6 7. exd6 Qxd6 8.
Nc3 Nxc3 9. bxc3 g6 10. Bc4 Bg7 11. O-O O-O 12. a4 Na5 13. Ba2 Qc7 14. Qd2 b6
15. Re1 e6 16. Ne5 Ba6 17. Ba3 Rfe8 18. Rac1 Nc4 19. Bxc4 Bxc4 20. Qf4 Rac8 21.
Qh4 Qd8 22. Qh3 Qd5 23. Re3 f6 24. Nxc4 Rxc4 25. Rce1 Rxa4 26. Bc1 Ra1 27. R3e2
a5 28. Qd3 b5 29. Rb2 Qc4 30. Qxc4 bxc4 31. Kf1 Ra3 32. Rb5 Rxc3 33. Rxa5 Rc2
34. d5 e5 35. d6 Rd8 36. Rd1 Rd7 37. Rc5 Kf7 38. Ba3 Bf8 39. Rc8 Rc3 40. Bb4
Rd3 41. Rc1 Bxd6 42. Bxd6 R7xd6 43. R8xc4 h5 44. h4 R3d4 45. g3 g5 46. hxg5
fxg5 47. Rc7+ Kf6 48. Rh7 h4 49. Kg2 Rb6 50. Rh6+ 1-0

[Event "NB II. Breyer csoport"]
[Site "Szekesfehervar"]
[Date "2024.04.07"]
[Round "7.6"]
[White "Nadi, Ferenc"]
[Black "Kovacs, Andras"]
[Result "1-0"]
[WhiteElo "2024"]
[BlackElo "1803"]
[PlyCount "75"]
[EventDate "2023.10.08"]
[EventType "team-tourn"]
[EventRounds "9"]
[EventCountry "HUN"]
[Source "chess.hu"]
[WhiteTeam "Fehervar SE"]
[BlackTeam "Torokbalinti Sakk SE"]
[WhiteTeamCountry "HUN"]
[BlackTeamCountry "HUN"]

1. d4 Nf6 2. Nf3 d5 3. g3 g6 4. Bg2 Bg7 5. O-O O-O 6. c4 e6 7. Nbd2 b6 8. Qc2
Bb7 9. b3 Nbd7 10. Bb2 Rc8 11. c5 c6 12. b4 Qc7 13. Rfe1 Rfe8 14. h3 h6 15.
Rac1 b5 16. a4 a6 17. Ne5 Rb8 18. a5 Bc8 19. f4 Nf8 20. Kh2 N8h7 21. Rf1 Nf8
22. Rce1 N8h7 23. Qd3 Nf8 24. Kh1 N8h7 25. Kh2 Nf8 26. e4 N6d7 27. Nef3 Nf6 28.
e5 N6h7 29. Rg1 Kh8 30. Nf1 Bd7 31. Ne3 Qc8 32. g4 Ra8 33. Ref1 Rb8 34. h4 f6
35. exf6 Bxf6 36. g5 Bg7 37. Ng4 Re7 38. gxh6 1-0

[Event "NB II. Breyer csoport"]
[Site "Szekesfehervar"]
[Date "2024.04.07"]
[Round "7.7"]
[White "Labancz, Janos"]
[Black "Varga, Istvan"]
[Result "0-1"]
[WhiteElo "1762"]
[BlackElo "1967"]
[PlyCount "125"]
[EventDate "2023.10.08"]
[EventType "team-tourn"]
[EventRounds "9"]
[EventCountry "HUN"]
[Source "chess.hu"]
[WhiteTeam "Torokbalinti Sakk SE"]
[BlackTeam "Fehervar SE"]
[WhiteTeamCountry "HUN"]
[BlackTeamCountry "HUN"]

1. d4 d5 2. c4 c6 3. cxd5 cxd5 4. Nc3 Nf6 5. Nf3 Nc6 6. Bf4 a6 7. h3 e6 8. e3
Bd6 9. Ne5 Bxe5 10. Bxe5 Nxe5 11. dxe5 Nd7 12. Qd4 Qg5 13. Qf4 Qxe5 14. Qxe5
Nxe5 15. Be2 Bd7 16. O-O f5 17. Rac1 O-O 18. f4 Nf7 19. Rc2 Rac8 20. Rfc1 b5
21. a3 Nd6 22. b3 a5 23. Bd3 g6 24. g3 Kf7 25. Kg2 Rg8 26. h4 h6 27. Ne2 Rxc2
28. Rxc2 Rc8 29. Rxc8 Bxc8 30. Nd4 Bd7 31. Nf3 Be8 32. Ne5+ Kf6 33. Kh3 h5 34.
Nf3 Bd7 35. Ne5 Be8 36. Nf3 Ke7 37. Nd4 Bd7 38. Nf3 Kd8 39. Ne5 Be8 40. Nf3 Kc7
41. Kg2 Kb6 42. Kf2 Kc5 43. Ke2 Nf7 44. Nd4 e5 45. Ne6+ Kd6 46. Ng5 Nxg5 47.
hxg5 e4 48. Bc2 Kc5 49. Kd2 b4 50. a4 d4 51. Bd1 Bf7 52. Ke2 Bd5 53. Kd2 Bc6
54. Ke2 Bb7 55. Kd2 Ba6 56. Bc2 Bb7 57. Bb1 Bd5 58. Ba2 dxe3+ 59. Kxe3 Be6 60.
Ke2 Kd4 61. Kd2 Bd5 62. Kc2 Ke3 63. Kb2 0-1

[Event "NB II. Breyer csoport"]
[Site "Szekesfehervar"]
[Date "2024.04.07"]
[Round "7.8"]
[White "Somos, Mate"]
[Black "Pilis, Peter"]
[Result "1-0"]
[WhiteElo "1849"]
[BlackElo "1719"]
[PlyCount "75"]
[EventDate "2023.10.08"]
[EventType "team-tourn"]
[EventRounds "9"]
[EventCountry "HUN"]
[Source "chess.hu"]
[WhiteTeam "Fehervar SE"]
[BlackTeam "Torokbalinti Sakk SE"]
[WhiteTeamCountry "HUN"]
[BlackTeamCountry "HUN"]

1. e4 c5 2. Nf3 e6 3. d4 cxd4 4. Nxd4 Nc6 5. Nc3 Bb4 6. Nxc6 Bxc3+ 7. bxc3 bxc6
8. Qd4 Qf6 9. e5 Qg6 10. Ba3 f6 11. Bd3 Qf7 12. O-O f5 13. Rab1 Ne7 14. Qd6 Ng6
15. Rb8 Rxb8 16. Qxb8 Ne7 17. Qd6 Ng6 18. Ba6 Qe7 19. Bxc8 Qxd6 20. Bxd6 Kf7
21. Bxd7 Ne7 22. Bxe7 Kxe7 23. Bxc6 Rc8 24. Ba4 Rxc3 25. Bb3 g5 26. Rd1 Rc6 27.
Rd6 Rxd6 28. exd6+ Kxd6 29. Kf1 e5 30. Ke2 h5 31. h4 gxh4 32. Bf7 e4 33. Bxh5
Ke5 34. f3 Kf4 35. fxe4 fxe4 36. Be8 Kg3 37. Bc6 Kxg2 38. Bxe4+ 1-0

[Event "NB II. Breyer csoport"]
[Site "Szekesfehervar"]
[Date "2024.04.07"]
[Round "7.9"]
[White "Fodor, Laszlo"]
[Black "Rabi-Nagy, Daniel"]
[Result "1/2-1/2"]
[WhiteElo "1718"]
[BlackElo "1841"]
[PlyCount "50"]
[EventDate "2023.10.08"]
[EventType "team-tourn"]
[EventRounds "9"]
[EventCountry "HUN"]
[Source "chess.hu"]
[WhiteTeam "Torokbalinti Sakk SE"]
[BlackTeam "Fehervar SE"]
[WhiteTeamCountry "HUN"]
[BlackTeamCountry "HUN"]

1. e4 e5 2. Nf3 Nc6 3. Bc4 Bc5 4. c3 d6 5. d4 exd4 6. cxd4 Bb4+ 7. Nc3 Nf6 8.
d5 Ne5 9. Qa4+ Qd7 10. Qxb4 Qg4 11. Nxe5 Qxg2 12. Rf1 dxe5 13. Be3 Bg4 14. Bb5+
Kd8 15. Be2 Bxe2 16. Nxe2 Ng4 17. Rg1 Nxe3 18. fxe3 Qxh2 19. Qxb7 Rc8 20. Rd1
Qh4+ 21. Ng3 Qh2 22. Kf1 Qc2 23. Ke1 Qh2 24. Kf1 Qc2 25. Ke1 Qh2 1/2-1/2

[Event "NB II. Breyer csoport"]
[Site "Szekesfehervar"]
[Date "2024.04.07"]
[Round "7.10"]
[White "Kerekes, Laszlo Fulop"]
[Black "Leipan, Tibor"]
[Result "1-0"]
[WhiteElo "1740"]
[BlackElo "1478"]
[PlyCount "51"]
[EventDate "2023.10.08"]
[EventType "team-tourn"]
[EventRounds "9"]
[EventCountry "HUN"]
[Source "chess.hu"]
[WhiteTeam "Fehervar SE"]
[BlackTeam "Torokbalinti Sakk SE"]
[WhiteTeamCountry "HUN"]
[BlackTeamCountry "HUN"]

1. c4 e6 2. Nc3 Bc5 3. d4 Bb4 4. e4 Nf6 5. Bd3 d6 6. Nf3 h6 7. O-O a6 8. Qa4+
Nc6 9. d5 Bxc3 10. dxc6 Bxb2 11. Bxb2 O-O 12. Rad1 b6 13. e5 Nh7 14. exd6 cxd6
15. Bxh7+ Kxh7 16. Ba3 Qf6 17. Bxd6 Qg6 18. Bxf8 e5 19. Nxe5 Qh5 20. Nd7 Qf5
21. Qb3 Qa5 22. Qxb6 Qxa2 23. Qd4 f6 24. Nxf6+ gxf6 25. Qxf6 Qxf2+ 26. Rxf2 1-0

[Event "NB II. Breyer csoport"]
[Site "Szekesfehervar"]
[Date "2024.04.07"]
[Round "7.11"]
[White "Miczki-Nagy, Balazs"]
[Black "Fekete, Csaba"]
[Result "1-0"]
[WhiteElo "2089"]
[BlackElo "1711"]
[PlyCount "105"]
[EventDate "2023.10.08"]
[EventType "team-tourn"]
[EventRounds "9"]
[EventCountry "HUN"]
[Source "chess.hu"]
[WhiteTeam "Torokbalinti Sakk SE"]
[BlackTeam "Fehervar SE"]
[WhiteTeamCountry "HUN"]
[BlackTeamCountry "HUN"]

1. d4 Nf6 2. c4 e6 3. Nf3 d5 4. Nc3 Be7 5. Bf4 O-O 6. e3 b6 7. Rc1 Bb7 8. cxd5
Nxd5 9. Nxd5 Bxd5 10. Bxc7 Bb4+ 11. Nd2 Qg5 12. a3 Be7 13. Bf4 Qg6 14. Nf3 Nc6
15. Bg3 h5 16. Bd3 Qh6 17. e4 Bb3 18. Qd2 Qxd2+ 19. Kxd2 Na5 20. Rc7 Rfe8 21.
Rhc1 Ba4 22. Re1 Bf8 23. Ke3 g6 24. Nd2 f5 25. e5 Bh6+ 26. f4 Nb3 27. Nxb3 Bxb3
28. Rec1 Bd5 29. Kf2 g5 30. fxg5 Bxg5 31. R1c3 h4 32. Bb5 hxg3+ 33. Rxg3 Rec8
34. Rxg5+ Kf8 35. Rcg7 Rc2+ 36. Ke1 Rxg2 37. Rg8+ Kf7 38. R8g7+ Kf8 39. Rxg2
Bxg2 40. Rxg2 Rd8 41. Rd2 Kf7 42. Bc4 Rc8 43. b3 Rc6 44. d5 Rc5 45. dxe6+ Ke8
46. Rd5 Rc8 47. a4 Kf8 48. Rd7 a5 49. e7+ Ke8 50. Bb5 Kf7 51. Rd8 Rc1+ 52. Kd2
Kxe7 53. Re8+ 1-0

[Event "NB II. Breyer csoport"]
[Site "Zsambek"]
[Date "2024.04.07"]
[Round "7.1"]
[White "Berta, Sandor"]
[Black "Rummel, Zsolt"]
[Result "1-0"]
[WhiteElo "2050"]
[BlackElo "2084"]
[PlyCount "69"]
[EventDate "2023.10.08"]
[EventType "team-tourn"]
[EventRounds "9"]
[EventCountry "HUN"]
[Source "chess.hu"]
[WhiteTeam "MTK Budapest II."]
[BlackTeam "Zsambeki SBE"]
[WhiteTeamCountry "HUN"]
[BlackTeamCountry "HUN"]

1. e4 c5 2. b4 cxb4 3. Bb2 e6 4. Nf3 Nf6 5. e5 Nd5 6. a3 Qb6 7. Qc1 Nc6 8. d4
d6 9. Nbd2 dxe5 10. Nc4 Qc7 11. dxe5 Bd7 12. Bd3 O-O-O 13. O-O Kb8 14. Ng5 Bc8
15. Ne4 Nc3 16. Nxc3 bxc3 17. Bxc3 Bc5 18. Qg5 g6 19. Nd6 Bxd6 20. exd6 Qxd6
21. Bxh8 Rxh8 22. Rfd1 Qe7 23. Qb5 e5 24. c3 f5 25. Rab1 Kc7 26. Bc4 Rd8 27.
Bd5 Rd6 28. Re1 b6 29. a4 e4 30. f3 e3 31. Qc4 Qe5 32. Bxc6 Rxc6 33. Qd4 Qxd4
34. cxd4 f4 35. h4 1-0

[Event "NB II. Breyer csoport"]
[Site "Zsambek"]
[Date "2024.04.07"]
[Round "7.2"]
[White "Kecskes, Gabor"]
[Black "Birovecz, Ben Jordan"]
[Result "1/2-1/2"]
[WhiteElo "2128"]
[BlackElo "1977"]
[PlyCount "90"]
[EventDate "2023.10.08"]
[EventType "team-tourn"]
[EventRounds "9"]
[EventCountry "HUN"]
[Source "chess.hu"]
[WhiteTeam "Zsambeki SBE"]
[BlackTeam "MTK Budapest II."]
[WhiteTeamCountry "HUN"]
[BlackTeamCountry "HUN"]

1. d4 d5 2. c4 e6 3. Nc3 c5 4. dxc5 d4 5. Nb5 Bxc5 6. Nf3 Nc6 7. e3 Bb4+ 8. Bd2
dxe3 9. Bxb4 exf2+ 10. Kxf2 Nxb4 11. Nd6+ Ke7 12. c5 Nf6 13. Ne5 Qc7 14. Rc1
Ne4+ 15. Nxe4 Qxe5 16. Qd6+ Qxd6 17. cxd6+ Ke8 18. Rc7 Rf8 19. Nc5 Kd8 20.
Nxb7+ Bxb7 21. Rxb7 Nd5 22. Ba6 g5 23. Rc1 Nb6 24. Rcc7 f5 25. Rxh7 Rc8 26.
Rbc7 Rb8 27. Rxa7 Nd5 28. b3 Nf6 29. Rhe7 e5 30. Rxe5 Ne4+ 31. Ke3 Nxd6 32. Rd5
Rf6 33. Bd3 f4+ 34. Kd4 Re6 35. Kc5 Rc8+ 36. Kd4 Rc1 37. Rxg5 Rd1 38. h4 Re4+
39. Kc5 Rxd3 40. Rg8+ Re8 41. Rxe8+ Kxe8 42. b4 Ne4+ 43. Kc6 Rd6+ 44. Kb5 Rg6
45. Ra8+ Kf7 1/2-1/2

[Event "NB II. Breyer csoport"]
[Site "Zsambek"]
[Date "2024.04.07"]
[Round "7.3"]
[White "Thierry, Edvard"]
[Black "Emmer, Adam"]
[Result "1-0"]
[WhiteElo "1947"]
[BlackElo "1969"]
[PlyCount "85"]
[EventDate "2023.10.08"]
[EventType "team-tourn"]
[EventRounds "9"]
[EventCountry "HUN"]
[Source "chess.hu"]
[WhiteTeam "MTK Budapest II."]
[BlackTeam "Zsambeki SBE"]
[WhiteTeamCountry "HUN"]
[BlackTeamCountry "HUN"]

1. e4 c6 2. d4 d5 3. f3 e6 4. c3 dxe4 5. fxe4 Qh4+ 6. Kd2 Qxe4 7. Nf3 Nf6 8.
Bd3 Qd5 9. c4 Qa5+ 10. Nc3 Bd6 11. c5 Bf4+ 12. Kc2 Bxc1 13. Rxc1 Nbd7 14. a3
O-O 15. Re1 Re8 16. g4 Qc7 17. g5 Nd5 18. Ne4 Qf4 19. Nd6 Re7 20. Kb1 f5 21.
Qe2 b6 22. b4 Rb8 23. Ne5 Nxe5 24. Qxe5 Qxe5 25. Rxe5 b5 26. Rce1 g6 27. Kc2
Bd7 28. Bxb5 cxb5 29. Rxd5 h6 30. h4 hxg5 31. hxg5 Rh7 32. Rde5 Rh2+ 33. R1e2
Rxe2+ 34. Rxe2 Kf8 35. Kd3 Ra8 36. d5 exd5 37. Kd4 Be8 38. Kxd5 Bf7+ 39. Kc6 a6
40. Kb7 Bd5+ 41. c6 Rd8 42. Kc7 Ra8 43. Kd7 1-0

[Event "NB II. Breyer csoport"]
[Site "Zsambek"]
[Date "2024.04.07"]
[Round "7.4"]
[White "Bitto, Zoltan"]
[Black "Boros, Krisztian Levente"]
[Result "0-1"]
[WhiteElo "2015"]
[BlackElo "1998"]
[PlyCount "72"]
[EventDate "2023.10.08"]
[EventType "team-tourn"]
[EventRounds "9"]
[EventCountry "HUN"]
[Source "chess.hu"]
[WhiteTeam "Zsambeki SBE"]
[BlackTeam "MTK Budapest II."]
[WhiteTeamCountry "HUN"]
[BlackTeamCountry "HUN"]

1. d4 Nf6 2. c4 e6 3. Nc3 Bb4 4. Nf3 O-O 5. e3 b6 6. Bd3 Bb7 7. O-O d5 8. a3
Bd6 9. Qc2 c5 10. Nb5 Be7 11. Re1 a6 12. Nc3 dxc4 13. Bxc4 Bxf3 14. gxf3 cxd4
15. Rd1 Nc6 16. Ne2 Ne5 17. Nxd4 Nxc4 18. Nc6 Nxe3 19. Bxe3 Qc7 20. Nxe7+ Qxe7
21. Bxb6 Nd5 22. Be3 Qf6 23. Qe2 Rab8 24. Bd4 Nf4 25. Qe5 Qg6+ 26. Kf1 Nh5 27.
Rac1 Rb5 28. Rc5 Rxc5 29. Bxc5 Re8 30. Rd7 f6 31. Qe4 Qg5 32. Qd4 Qc1+ 33. Kg2
Qg5+ 34. Kf1 Qc1+ 35. Kg2 Nf4+ 36. Kg3 Ne2+ 0-1

[Event "NB II. Breyer csoport"]
[Site "Zsambek"]
[Date "2024.04.07"]
[Round "7.5"]
[White "Horvath, Andras"]
[Black "Nagy, Gyorgy"]
[Result "1/2-1/2"]
[WhiteElo "1847"]
[BlackElo "1884"]
[PlyCount "133"]
[EventDate "2023.10.08"]
[EventType "team-tourn"]
[EventRounds "9"]
[EventCountry "HUN"]
[Source "chess.hu"]
[WhiteTeam "MTK Budapest II."]
[BlackTeam "Zsambeki SBE"]
[WhiteTeamCountry "HUN"]
[BlackTeamCountry "HUN"]

1. e4 c5 2. Nf3 Nc6 3. d4 cxd4 4. Nxd4 Nf6 5. Nc3 e5 6. Ndb5 d6 7. Nd5 Nxd5 8.
exd5 Nb8 9. a4 a6 10. Na3 Be7 11. Be2 O-O 12. O-O f5 13. f4 Nd7 14. Nc4 g6 15.
a5 Re8 16. Be3 exf4 17. Bxf4 Nf6 18. Nb6 Rb8 19. c4 Ne4 20. Bf3 Bf6 21. Bxe4
Rxe4 22. Qc2 Be5 23. Bxe5 Rxe5 24. c5 dxc5 25. Qxc5 Bd7 26. Qd6 Re7 27. Rae1
Rf7 28. Rf3 Bb5 29. Qe5 Qf8 30. Qd4 Re8 31. Rxe8 Qxe8 32. Re3 Re7 33. Rxe7 Qxe7
34. h3 Qd6 35. b3 Kf7 36. Nc4 Qf6 37. Qxf6+ Kxf6 38. Kf2 Bxc4 39. bxc4 Ke5 40.
Ke3 g5 41. g3 h6 42. Kf3 Kd6 43. g4 f4 44. Ke4 Kc5 45. Ke5 f3 46. d6 f2 47. d7
f1=Q 48. d8=Q Qf4+ 49. Ke6 Qxc4+ 50. Ke5 Qf4+ 51. Ke6 Qe4+ 52. Kf6 Qd4+ 53.
Qxd4+ Kxd4 54. Kg6 Kc5 55. Kxh6 b5 56. axb6 Kxb6 57. Kxg5 a5 58. Kh5 a4 59. g5
a3 60. g6 a2 61. g7 a1=Q 62. g8=Q Kc7 63. Kh6 Qf6+ 64. Qg6 Qh4+ 65. Qh5 Qf6+
66. Kh7 Kd7 67. h4 1/2-1/2

[Event "NB II. Breyer csoport"]
[Site "Zsambek"]
[Date "2024.04.07"]
[Round "7.6"]
[White "Tessedik, Karoly"]
[Black "Gondor, Jakab"]
[Result "0-1"]
[WhiteElo "1876"]
[BlackElo "1908"]
[PlyCount "78"]
[EventDate "2023.10.08"]
[EventType "team-tourn"]
[EventRounds "9"]
[EventCountry "HUN"]
[Source "chess.hu"]
[WhiteTeam "Zsambeki SBE"]
[BlackTeam "MTK Budapest II."]
[WhiteTeamCountry "HUN"]
[BlackTeamCountry "HUN"]

1. c4 c5 2. Nf3 Nf6 3. Nc3 b6 4. g3 Bb7 5. Bg2 e6 6. O-O Be7 7. e3 O-O 8. d4
cxd4 9. exd4 d5 10. cxd5 Nxd5 11. Nxd5 Bxd5 12. a3 Nc6 13. Be3 Rc8 14. Rc1 Bf6
15. Qa4 Qd7 16. Rfd1 Qb7 17. Ne1 b5 18. Qc2 Bxg2 19. Nxg2 Nxd4 20. Qd3 Nf3+ 21.
Kh1 Rxc1 22. Bxc1 h5 23. h3 Rd8 24. Qe2 Rxd1+ 25. Qxd1 Bd4 26. Qe2 Qc6 27. Be3
Qe4 28. Qd1 Bxe3 29. Nxe3 h4 30. Qc2 Qb7 31. Qd1 hxg3 32. Kg2 Nd4+ 33. Kxg3 Qe4
34. Qg4 Qe5+ 35. Kg2 f5 36. Qh5 Qe4+ 37. f3 Qxe3 38. Qe8+ Kh7 39. Qh5+ Qh6 0-1

[Event "NB II. Breyer csoport"]
[Site "Zsambek"]
[Date "2024.04.07"]
[Round "7.7"]
[White "Szabo, Bela"]
[Black "Metzger, Istvan"]
[Result "0-1"]
[WhiteElo "1774"]
[BlackElo "1826"]
[PlyCount "76"]
[EventDate "2023.10.08"]
[EventType "team-tourn"]
[EventRounds "9"]
[EventCountry "HUN"]
[Source "chess.hu"]
[WhiteTeam "MTK Budapest II."]
[BlackTeam "Zsambeki SBE"]
[WhiteTeamCountry "HUN"]
[BlackTeamCountry "HUN"]

1. e4 e5 2. Bc4 Nf6 3. Nc3 Be7 4. Nf3 Nc6 5. d4 exd4 6. Nxd4 Nxd4 7. Qxd4 d6 8.
h3 a6 9. Bb3 O-O 10. Be3 b5 11. a3 Bb7 12. f3 c5 13. Qd2 c4 14. Ba2 Qc7 15.
O-O-O Rfd8 16. Qf2 Qc6 17. g4 a5 18. g5 Nd7 19. Nd5 Bf8 20. Rhg1 Qc8 21. Qg3
Bxd5 22. Rxd5 b4 23. Bd4 Qc6 24. f4 Rdc8 25. Kb1 Nb6 26. Bxb6 Qxb6 27. Rgd1 c3
28. a4 cxb2 29. g6 hxg6 30. f5 Rc3 31. R5d3 gxf5 32. exf5 d5 33. Bxd5 Rac8 34.
Bb3 Qf6 35. Qg4 R8c5 36. Rd7 Rxb3 37. cxb3 Qc3 38. R7d3 Qc2+ 0-1

[Event "NB II. Breyer csoport"]
[Site "Zsambek"]
[Date "2024.04.07"]
[Round "7.8"]
[White "Horvath, Csaba"]
[Black "Rona, Andras"]
[Result "1-0"]
[WhiteElo "1809"]
[BlackElo "1824"]
[PlyCount "75"]
[EventDate "2023.10.08"]
[EventType "team-tourn"]
[EventRounds "9"]
[EventCountry "HUN"]
[Source "chess.hu"]
[WhiteTeam "Zsambeki SBE"]
[BlackTeam "MTK Budapest II."]
[WhiteTeamCountry "HUN"]
[BlackTeamCountry "HUN"]

1. d4 Nf6 2. c4 g6 3. Nc3 Bg7 4. e4 d6 5. Nf3 O-O 6. Be2 e5 7. d5 Nbd7 8. Qc2
a5 9. a4 h6 10. h3 Nc5 11. Be3 Na6 12. c5 Nb4 13. Qd2 Nxe4 14. Nxe4 f5 15. cxd6
cxd6 16. Nxd6 Qxd6 17. Rc1 b6 18. Bxh6 Bb7 19. Bxg7 Kxg7 20. Bc4 e4 21. Ng5
Nxd5 22. Bxd5 Bxd5 23. O-O Qe5 24. f4 exf3 25. Rce1 Qf6 26. Qxd5 Qxg5 27. Qxf3
Qf6 28. Qb7+ Kg8 29. Qd5+ Qf7 30. Qc6 Qf6 31. Re6 Qd4+ 32. Kh1 g5 33. Rg6+ Kh8
34. Rh6+ Kg8 35. Qe6+ Rf7 36. Rg6+ Kf8 37. Rxf5 Raa7 38. Qc8+ 1-0